Student's solutions manual to accompany College Algebra : Graphs and models

The Barnett Graphs & Models Series in college algebra and precalculus maximizes student comprehension by emphasizing computational skills, real-world data analysis and modeling, and problem solving rather than mathematical theory.

محفوظ في:
التفاصيل البيبلوغرافية
المؤلف الرئيسي: Barnett, Raymond A
التنسيق: كتاب
اللغة:Undetermined
منشور في: Boston McGraw-Hill 2008
الموضوعات:
الوسوم: إضافة وسم
لا توجد وسوم, كن أول من يضع وسما على هذه التسجيلة!
Thư viện lưu trữ: Trung tâm Học liệu Trường Đại học Cần Thơ
LEADER 00845nam a2200229Ia 4500
001 CTU_179538
008 210402s9999 xx 000 0 und d
020 |c 85.31 
082 |a 512.9 
082 |b B261 
100 |a Barnett, Raymond A 
245 0 |a Student's solutions manual to accompany College Algebra : 
245 0 |b Graphs and models 
245 0 |c Raymond A. Barnett 
260 |a Boston 
260 |b McGraw-Hill 
260 |c 2008 
520 |a The Barnett Graphs & Models Series in college algebra and precalculus maximizes student comprehension by emphasizing computational skills, real-world data analysis and modeling, and problem solving rather than mathematical theory. 
650 |a Algebra 
650 |x Graphic methods,Đại số học 
904 |i Nhung 
980 |a Trung tâm Học liệu Trường Đại học Cần Thơ